000 00619nam a2200169 a 4500
001 000040503
005 20201002034156.0
008 130826s2005 mx 000 0 spa d
020 _a9703201407
040 _aDO-SdBNP
_bspa
_cBNPHU
100 1 _aRondón de la Fuente, Juan
_966813
245 1 0 _aImposición de la medalla "Isidro Fabela" a José Saramago /
_cJuan Rondón de la Fuente.
260 _aMéxico :
_bUniversidad Autónoma de México,
_c2005.
300 _a11 p. ;
_c22 cm.
490 1 _aLecturas jurídicas
_aEl derecho y sus maestros
_v14
830 0 _aLecturas jurídicas
_pEl derecho y sus maestros
_n14
_966814
999 _c39993
_d39993